|
|
|
|
| LEADER |
00933nam a2200253 a 4500 |
| 001 |
16006385 |
| 008 |
110702s2010 nyu b 001 0 eng |
| 010 |
|
|
|a 2009050368
|
| 020 |
|
|
|a 9780521772464 (hc)
|
| 020 |
|
|
|a 9780521775977 (pbk.)
|
| 040 |
|
|
|a DLC
|c DLC
|d DLC
|d BD-DhAAL
|
| 050 |
0 |
0 |
|a BJ1012
|b .D43 2010
|
| 082 |
0 |
0 |
|a 170
|2 22
|
| 100 |
1 |
|
|a Deigh, John.
|
| 245 |
1 |
3 |
|a An introduction to ethics /
|c John Deigh.
|
| 260 |
|
|
|a New York :
|b Cambridge University Press,
|c 2010.
|
| 300 |
|
|
|a xii, 241 p. ;
|c 26 cm.
|
| 490 |
0 |
|
|a Cambridge introductions to philosophy
|
| 504 |
|
|
|a Includes bibliographical references (p. 234-235) and index.
|
| 541 |
|
|
|e 00023159
|
| 650 |
|
0 |
|a Ethics.
|
| 852 |
1 |
|
|a Ayesha Abed Library
|c General Shelf.
|
| 999 |
|
|
|c 11025
|d 11025
|
| 952 |
|
|
|0 0
|1 0
|2 ddc
|4 0
|6 170_DEI
|7 0
|9 17339
|a BRACUL
|b BRACUL
|c GEN
|d 2011-06-30
|e Development Book Agency
|g 2585.00
|l 6
|m 18
|o 170 DEI
|p 3010023159
|r 2025-11-05
|s 2025-10-21
|t 1
|w 2011-07-03
|y BK
|